000 00414nam a22001457a 4500
005 20151202094758.0
008 151202b xxu||||| |||| 00| 0 eng d
040 _cPK-LaUMT
082 _aMSC 923.1
_bVIK-B
100 _aوکٹوریہ شفیلڈ
245 _aبھٹو مقدمہ اور سزا
_cوکٹوریہ شفیلڈ
260 _aلاہور
_bکلاسیک لاہور
_c1990
300 _a381 ص
942 _cBK
999 _c79408
_d79408